| 000 | 00650nam 22001933 4500 | ||
|---|---|---|---|
| 001 | 201255 | ||
| 021 | _b202497/03 | ||
| 090 | _a201255 | ||
| 100 | _a20260313d u||y0pory50 ba | ||
| 200 |
_aA profundidade e a superfície _eensaio sobre O Princepezinho de Saint-Exupery _fJosé Gil _gTradução Constança Metello de Seixas |
||
| 210 |
_aLisboa _cRelógio d'Água Editores _d2003 |
||
| 215 |
_a164 p. _cbrochado _d21 cm |
||
| 225 | _aÁ volta da literatura | ||
| 606 |
_93661 _aCrítica Literária.Estudos Literários |
||
| 675 |
_a82.09 _vPT _zpor |
||
| 700 |
_913820 _aGil _bJosé _f1939- |
||
| 801 |
_aPT _bBMMN _gRPC |
||
| 830 |
_cFernando _fFernando |
||
| 990 | _cLIVROS | ||